ბათუმის შოთა რუსთაველის სახელმწიფო უნივერსიტეტის ბიბლიოთეკა

The Cambridge Quarterly / (ბიბ.ჩანაწერი № 57990)

000 -LEADER
fixed length control field 00799nam a22001817a 4500
005 - DATE AND TIME OF LATEST TRANSACTION
control field 20230116153005.0
008 - FIXED-LENGTH DATA ELEMENTS--GENERAL INFORMATION
fixed length control field 210416c2019 enk||||| |||| 00| 0 eng d
022 ## - INTERNATIONAL STANDARD SERIAL NUMBER
International Standard Serial Number 0008199x
041 ## - LANGUAGE CODE
Language code of text/sound track or separate title eng
245 ## - TITLE STATEMENT
Title The Cambridge Quarterly /
Statement of responsibility, etc. Editors K. Boddy, R. Lyne.
260 ## - PUBLICATION, DISTRIBUTION, ETC.
Place of publication, distribution, etc. Oxford,
Date of publication, distribution, etc. 2019.
300 ## - PHYSICAL DESCRIPTION
Extent V.
653 ## - INDEX TERM--UNCONTROLLED
Uncontrolled term კემბრიჯის ჟურნალი
653 ## - INDEX TERM--UNCONTROLLED
Uncontrolled term ლიტერატურული კრიტიკის ჟურნალი, რომელიც აქვეყნებს სტატიებს კინოს, ვიზუალურ ხელოვნებასა და მუსიკაზე
700 ## - ADDED ENTRY--PERSONAL NAME
Personal name Boddy, K.
Relator term რედაქტორი
9 (RLIN) 5276
700 ## - ADDED ENTRY--PERSONAL NAME
Personal name Lyne, R.
Relator term რედაქტორი
9 (RLIN) 5277
942 ## - ADDED ENTRY ELEMENTS (KOHA)
Source of classification or shelving scheme
Koha item type წიგნი
ეგზემპლარები
Withdrawn status Lost status Source of classification or shelving scheme Damaged status Not for loan Permanent Location Current Location Shelving location Date acquired Serial Enumeration / chronology Barcode Date last seen Copy number Price effective from Koha item type
        შიდა ფონდი ბათუმის შოთა რუსთაველის სახელმწიფო უნივერსიტეტის მთავარი ბიბლიოთეკა ბათუმის შოთა რუსთაველის სახელმწიფო უნივერსიტეტის მთავარი ბიბლიოთეკა წიგნსაცავი 2021-04-16 #2 (2019) 80764 2021-04-16 80764 2021-04-16 პერიოდიკა
        შიდა ფონდი ბათუმის შოთა რუსთაველის სახელმწიფო უნივერსიტეტის მთავარი ბიბლიოთეკა ბათუმის შოთა რუსთაველის სახელმწიფო უნივერსიტეტის მთავარი ბიბლიოთეკა წიგნსაცავი 2021-04-16 #3 (2019) 80765 2021-04-16 80765 2021-04-16 პერიოდიკა
        შიდა ფონდი ბათუმის შოთა რუსთაველის სახელმწიფო უნივერსიტეტის მთავარი ბიბლიოთეკა ბათუმის შოთა რუსთაველის სახელმწიფო უნივერსიტეტის მთავარი ბიბლიოთეკა წიგნსაცავი 2021-04-16 #4 (2019) 80766 2021-04-16 80766 2021-04-16 პერიოდიკა
        შიდა ფონდი ბათუმის შოთა რუსთაველის სახელმწიფო უნივერსიტეტის მთავარი ბიბლიოთეკა ბათუმის შოთა რუსთაველის სახელმწიფო უნივერსიტეტის მთავარი ბიბლიოთეკა წიგნსაცავი 2021-04-16 #1 (2019) 80306 2021-04-16 80306 2021-04-16 პერიოდიკა